000 00304nam a2200121Ia 4500
008 190216s9999||||xx |||||||||||||| ||und||
100 _aSundharam K P M & Vaish M C
245 0 _aPrinciples Of Economics
260 _bVikas Publishing House
_c1978
300 _a722p
650 _aCommerce
942 _cBK
999 _c4573
_d4573